书目信息 |
| 题名: |
企业报刊指南
|
|
| 作者: | 邢小兰 , 王成 著 | |
| 分册: | ||
| 出版信息: | 北京 人民日报出版社 2019 |
|
| 页数: | 354页 | |
| 开本: | 24cm | |
| 丛书名: | ||
| 单 册: | ||
| 中图分类: | G213-62 , G213 | |
| 科图分类: | ||
| 主题词: | 企业--报刊--编辑工作--指南 | |
| 电子资源: | ||
| ISBN: | 978-7-5115-6093-3 | |
| 000 | 00991nam0 2200277 450 | |
| 001 | 2362489232 | |
| 005 | 20231201172141.60 | |
| 010 | @a978-7-5115-6093-3@dCNY98.00 | |
| 100 | @a20200713d2019 em y0chiy50 ea | |
| 101 | 0 | @achi |
| 102 | @aCN@b110000 | |
| 105 | @aa z 000yy | |
| 200 | 1 | @a企业报刊指南@Aqi ye bao kan zhi nan@f邢小兰,王成著 |
| 210 | @a北京@c人民日报出版社@d2019 | |
| 215 | @a354页@c图@d24cm | |
| 300 | @a理论 实务 探索 | |
| 312 | @a封面英文题名:Guide to business newspapers and periodicals | |
| 330 | @a本书内容包括:企业报刊的使命任务;增强企业报刊工作队伍的“四力”;熟练掌握多种文体写作技能;企业报刊全流程管控;刊首语如何写;企业报头版改进之我见等。 | |
| 510 | 1 | @aGuide to business newspapers and periodicals@zeng |
| 606 | 0 | @a企业@x报刊@x编辑工作@j指南 |
| 690 | @aG213-62@v5 | |
| 690 | @aG213@v4 | |
| 701 | 0 | @a邢小兰@Axing xiao lan@4著 |
| 701 | 0 | @a王成@Awang cheng@4著 |
| 801 | 0 | @aCN@b大连网信软件有限公司图书馆·11@c20231201 |
| 905 | @aZUCC@dG213@e6 | |
| 企业报刊指南/邢小兰,王成著.-北京:人民日报出版社,2019 |
| 354页:图;24cm |
| 理论 实务 探索 |
| ISBN 978-7-5115-6093-3:CNY98.00 |
| 本书内容包括:企业报刊的使命任务;增强企业报刊工作队伍的“四力”;熟练掌握多种文体写作技能;企业报刊全流程管控;刊首语如何写;企业报头版改进之我见等。 |
| ● |
| 相关链接 |
|
|
|
正题名:企业报刊指南
索取号:G213/6
 
预约/预借
| 序号 | 登录号 | 条形码 | 馆藏地/架位号 | 状态 | 备注 |
| 1 | 2001254743 | 2001254743 | 辽宁北方(第一批)/辽宁北方(第一批)/50/ [索取号:G213/6] | 在馆 | |
| 2 | 2001254744 | 2001254744 | 辽宁北方(第一批)/辽宁北方(第一批)/50/ [索取号:G213/6] | 在馆 | |
| 3 | 2001254745 | 2001254745 | 辽宁北方(第一批)/辽宁北方(第一批)/50/ [索取号:G213/6] | 在馆 | |
| 4 | 2001254746 | 2001254746 | 辽宁北方(第一批)/辽宁北方(第一批)/50/ [索取号:G213/6] | 在馆 | |
| 5 | 2001254747 | 2001254747 | 辽宁北方(第一批)/辽宁北方(第一批)/50/ [索取号:G213/6] | 在馆 | |
| 6 | 2001254748 | 2001254748 | 辽宁北方(第一批)/辽宁北方(第一批)/50/ [索取号:G213/6] | 在馆 |